Planificación de plantillas de personal en la empresa / (Record no. 49829)

MARC details
000 -LEADER
campo de control de longitud fija 00667nam a2200193 i 4500
001 - NÚMERO DE CONTROL
campo de control 49829
003 - IDENTIFICADOR DE NÚMERO DE CONTROL
campo de control ES-MaACL
005 - FECHA Y HORA DE LA ÚLTIMA TRANSACCIÓN
campo de control 20230906162053.0
007 - CAMPO FIJO DE DESCRIPCIÓN FÍSICA--INFORMACIÓN GENERAL
campo de control de longitud fija t|
008 - DATOS DE LONGITUD FIJA--INFORMACIÓN GENERAL
campo de control de longitud fija 030724s1968 sp ||||1| spa d
100 1# - ENTRADA PRINCIPAL--NOMBRE DE PERSONA
Nombre de persona Cox, Anne.
9 (RLIN) 41388
245 10 - MENCIÓN DEL TÍTULO
Título Planificación de plantillas de personal en la empresa /
Mención de responsabilidad, etc. por Anne Cox, Alex Margulies, Jens Soberlund ; traducida del inglés por Antonio Sainz de Miera.
260 ## - PUBLICACIÓN, DISTRIBUCIÓN, ETC.
Lugar de publicación, distribución, etc. Madrid :
Nombre del editor, distribuidor, etc. Ibérico Europea,
Fecha de publicación, distribución, etc. [1968]
300 ## - DESCRIPCIÓN FÍSICA
Extensión 162 p. :
Otras características físicas il. ;
Dimensiones 22 cm.
700 1# - ENTRADA AGREGADA--NOMBRE PERSONAL
Nombre de persona Margulies, Alex.
9 (RLIN) 76640
700 1# - ENTRADA AGREGADA--NOMBRE PERSONAL
Nombre de persona Soberlund, Jens.
9 (RLIN) 106983
700 1# - ENTRADA AGREGADA--NOMBRE PERSONAL
Nombre de persona Sainz de Miera, Antonio.
9 (RLIN) 101592
852 ## - LOCALIZACIÓN
Ubicación ES-MaACL
Número de control de estantería C-46801
Sublocalización o colección R.66764
Holdings
Estatus retirado Estado de pérdida Estado de daño No para préstamo Biblioteca de origen Biblioteca actual Ubicación en estantería Fecha de adquisición Fuente de adquisición Total de préstamos Signatura topográfica completa Código de barras Visto por última vez Precio de reemplazo Tipo de ítem Koha
        Biblioteca del Ateneo de Madrid Biblioteca del Ateneo de Madrid Depósito 2 17/01/2008     C-46801 1052425 23/02/2023 23/02/2023 Libro impreso